00535nam a2200157 a 450000100060000000300090000600800410001504000280005608200160008411000510010024500380015126000720018930000080026150500770026965000310034620613CO-ViMGA141112s2004 ck r 000 u spa d aCO-ViMGAbspacCO-ViMGA04a634.3 F333c aFederación Nacional de cafeteros de Colombia10aEl cultivo de la mora de castilla aBogotá : bFederación nacional de cafeteros de colombia, c1989 a20p aClima, suelos, cultivo Preparación del terreno Cosecha y postcosecha 14aMORA DE CASTILLA - CULTIVO